000 00315nam a22001337a 4500
008 170831b xxu||||| |||| 00| 0 eng d
020 _a9780321078919
041 _aeng
080 _26TH
_a070
100 _a40
101 _aMED
245 _aTHE SCOTT, FORESMAN HANDBOOK FOR WRITERS
_cHAIRSTON,M
942 _2udc
_cBK
999 _c25818
_d25818